Manual de historia universal. (Record no. 97085)

MARC details
000 -LEADER
campo de control de longitud fija 00955nam a2200229 i 4500
001 - NÚMERO DE CONTROL
campo de control 97085
003 - IDENTIFICADOR DE NÚMERO DE CONTROL
campo de control ES-MaACL
005 - FECHA Y HORA DE LA ÚLTIMA TRANSACCIÓN
campo de control 20250815062605.0
007 - CAMPO FIJO DE DESCRIPCIÓN FÍSICA--INFORMACIÓN GENERAL
campo de control de longitud fija t|
008 - DATOS DE LONGITUD FIJA--INFORMACIÓN GENERAL
campo de control de longitud fija 050706m19581960sp ||||1| spa d
080 ## - NÚMERO DE LA CLASIFICACIÓN DECIMAL UNIVERSAL
Número de la Clasificación Decimal Universal 94(100)
245 00 - MENCIÓN DEL TÍTULO
Título Manual de historia universal.
260 ## - PUBLICACIÓN, DISTRIBUCIÓN, ETC.
Lugar de publicación, distribución, etc. Madrid :
Nombre del editor, distribuidor, etc. Espasa-Calpe,
Fecha de publicación, distribución, etc. 1958-1960.
300 ## - DESCRIPCIÓN FÍSICA
Extensión 4 v. :
Otras características físicas il ;
Dimensiones 25 cm.
505 8# - NOTA DE CONTENIDO CON FORMATO
Nota de contenido con formato Contiene: I. Prehistoria / por Martín Almagro Basch (918 p., VIII lám) -- II. Edades antigua y Media / por Luis Suárez Fernández (887 p.) -- III. Edad moderna / por Vicente Palacio Atard (720 p.) -- IV. Edad contemporánea / por Vicente Palacio Atard (818 p., 11 lám., 12 h. pleg., 10 mapas col. y n.)
650 #7 - PUNTO DE ACCESO ADICIONAL DE MATERIA--TÉRMINO DE MATERIA
Término de materia o nombre geográfico como elemento de entrada Historia universal
Fuente del encabezamiento o término embne
9 (RLIN) 13429
700 1# - ENTRADA AGREGADA--NOMBRE PERSONAL
Nombre de persona Almagro Basch, Martín.
9 (RLIN) 20073
700 1# - ENTRADA AGREGADA--NOMBRE PERSONAL
Nombre de persona Suárez Fernández, Luis,
Fechas asociadas al nombre 1924-2024
9 (RLIN) 240112
700 1# - ENTRADA AGREGADA--NOMBRE PERSONAL
Nombre de persona Palacio Atard, Vicente,
Fechas asociadas al nombre 1920-2013
9 (RLIN) 88374
852 4# - LOCALIZACIÓN
Ubicación ES-MaACL
Número de control de estantería A-465-68
Holdings
Estatus retirado Estado de pérdida Estado de daño No para préstamo Biblioteca de origen Biblioteca actual Ubicación en estantería Fecha de adquisición Fuente de adquisición Total de préstamos Signatura topográfica completa Código de barras Visto por última vez Precio de reemplazo Tipo de ítem Koha
        Biblioteca del Ateneo de Madrid Biblioteca del Ateneo de Madrid Sala Pecera Planta 1 17/01/2008     A-465-8 1101358 23/02/2023 23/02/2023 Libro impreso